Elements by Letter - T - Statistics

General Stats
  • This quiz has been taken 134 times
    125 since last reset
  • The average score is 7 of 11
Answer Stats
Elements % Correct
Titanium
88%
Tin
86%
Tungsten
77%
Thallium
70%
Thorium
70%
Tantalum
60%
Tellurium
60%
Tennessine
60%
Thulium
56%
Technetium
54%
Terbium
53%
No matching quizzes found
Score Distribution
Percent of People with Each Score
Percentile by Number Answered
Your Score History
You have not taken this quiz since the last reset